|
|
|
|
| LEADER |
00000nam a2200000 a 4500 |
| 005 |
20111222130212.0 |
| 007 |
cr|||| |||| |
| 008 |
050518s2005 sp |||||| |00| ||spa|c |
| 017 |
|
|
|a DL M. 753-2005
|
| 020 |
|
|
|a 8495748592 (cart.)
|
| 035 |
|
|
|a 2565
|
| 040 |
|
|
|d vLex
|
| 090 |
|
|
|c 2854
|d 2854
|
| 100 |
1 |
|
|a Rodrg̕uez Lp̤ez, Pedro,
|d 1967-
|
| 245 |
1 |
0 |
|a Ley orgǹica de responsabilidad penal de los menores
|h [Recurso electrn̤ico] :
|b especial anl̀isis de la reparacin̤ del daǫ /
|c Pedro Rodrg̕uez Lp̤ez
|
| 256 |
|
|
|a Servicio en ln̕ea
|
| 260 |
|
|
|a Madrid :
|b Dijusa,
|c 2005
|
| 300 |
|
|
|a 1 recurso electrn̤ico
|
| 506 |
1 |
|
|a Contenido solo disponible en los productos indicados
|d vLex Global
|d vLex Global (Academic Edition, excluding Law Schools)
|d vLex Global (U.S. Academic Edition, Law Schools)
|d vLex Global (U.S. Academic Edition, excluding Law Schools)
|d vLex Global (Academic Edition, Law Schools)
|
| 650 |
0 |
4 |
|a Responsabilidad penal
|z Espaą
|
| 650 |
0 |
4 |
|a Delincuencia juvenil
|x Derecho
|z Espaą
|
| 650 |
0 |
4 |
|a Menores
|z Espaą
|
| 650 |
0 |
4 |
|a Niǫs
|x Situacin̤ legal
|z Espaą
|
| 650 |
0 |
4 |
|a Justicia de menores
|x Administracin̤
|
| 740 |
0 |
|
|a vLex Libros (Servicio en ln̕ea)
|
| 856 |
4 |
0 |
|u http://vlex.com/source/ley-organica-responsabilidad-penal-menores-especial-analisis-reparacion-da-o-2565
|z Acceso restringido
|
| 942 |
|
|
|c BOOK
|
| 999 |
0 |
|
|a Juvenile justice, Administration of
|
| 999 |
0 |
|
|a Criminal law
|